| 000 | 00435nam a2200169Ia 4500 | ||
|---|---|---|---|
| 008 | 220524s9999 xx 000 0 und d | ||
| 020 | _a9788120717317 | ||
| 041 | _aeng | ||
| 082 | _a137.7 | ||
| 100 |
_aDines Jess E. _97123 |
||
| 245 | _aChoose the Right Mate,Lover or Friend Through Handwriting | ||
| 260 |
_bSterling Publishing Pvt. Ltd., _c1998 |
||
| 300 | _a201 | ||
| 650 |
_aOther Subject _97124 |
||
| 906 | _a | ||
| 999 |
_c7197 _d7197 |
||